000 00365nam a22001577a 4500
003 OSt
005 20220111085323.0
008 220111b |||||||| |||| 00| 0 eng d
040 _cHU
082 _a307.12
100 _aHiraskar G. K
_927499
245 _aFundamentals Of Town Planning
260 _aNew Delhi
_bNew Delhi
300 _f147
942 _2ddc
_cBOOKS
_n0
999 _c26407
_d26407